Greek Gods and Goddesses of Nature and Animals (Hard) - Statistics

General Stats
  • This quiz has been taken 260 times
  • The average score is 7 of 14
Answer Stats
Hint Answer % Correct
Goddess of the Hunt Artemis
98%
Goddess of Agriculture Demeter
96%
The Earth Mother Gaia
94%
God of the Wild and Satyrs Pan
91%
Goddess of Spring Time Persephone
91%
Titan of Motherhood Rhea
71%
Goddess of Wine Dionysus
60%
God of Dolphins Delphin
55%
Goddess of Sea Monsters Keto
23%
Minor Country God who protects Vegetable Gardens Priapus
15%
Goddesses of the Seasons The Horai
13%
God of Farming Triptolemus
9%
God of Shepherds, Bee-Keeping, Cheese-Making and other useful Skills Aristaios
7%
Goddess of Flowering and Bearing Fruit Hegemone
1%
No matching quizzes found
Score Distribution
Percent of People with Each Score
Percentile by Number Answered
Your Score History
You have not taken this quiz